Normal view
MARC view
- Zahid, Misha
Entry Personal Name
001 - CONTROL NUMBER
- control field: 130680
003 - CONTROL NUMBER IDENTIFIER
- control field: NUST
005 - DATE AND TIME OF LATEST TRANSACTION
- control field: 20250925104243.0
008 - FIXED-LENGTH DATA ELEMENTS
- fixed length control field: 250925|| aca||aabn | a|a d
040 ## - CATALOGING SOURCE
- Original cataloging agency: NUST
- Transcribing agency: NUST
100 ## - HEADING--PERSONAL NAME
- Personal name: Zahid, Misha
670 ## - SOURCE DATA FOUND
- Source citation: Work cat.: (NUST): Zahid, Misha, GOVERNMENT SPENDING AND GREEN ECONOMIC GROWTH IN ASIAN COUNTRIES: MEDIATING ROLE OF EDUCATION AND R&D/
